Statistics for Biomes By Picture

Click here to take the quiz!

General Stats

  • This quiz has been taken 35 times
  • The average score is 5 of 15

Answer Stats

Answer% Correct
Desert
100%
Savanna
76%
Rainforest
72%
Tundra
66%
Plains
34%
Mesa
31%
Swamp
28%
Birch Forest
21%
Ice
21%
Redwood Forest
10%
Autumn Woods
3%
Extreme Jungle
3%
Forested Island
3%
Snow
3%
Forested Hills
0%

Score Distribution

Percentile by Number Answered

Percent of People with Each Score

Your Score History

You have not taken this quiz